000 00485pab a2200169 454500
008 180718b2011 xxu||||| |||| 00| 0 eng d
100 _aMckeown, Tui
245 _aTemporary staff, contractors, and volunteers: The hidden workforce in Victorian local government
260 _c2011
300 _ap.185-201.
362 _aJun
650 _aLocal government
700 _aLindorff, Margaret
773 _aAustralian Journal of Public Administration
908 _aN
909 _a92548
999 _c92548
_d92548